| 000 | 00502nam a2200169 i 4500 | ||
|---|---|---|---|
| 001 | 134956 | ||
| 003 | ES-MaACL | ||
| 005 | 20230906194759.0 | ||
| 007 | t| | ||
| 008 | 070704s1948 sp ||||1| val d | ||
| 080 | _a863-14"19" | ||
| 100 | 1 |
_aThous Llorens, Maximiliano. _9110165 |
|
| 245 | 1 | 0 |
_aPrimer recull de versos, 1918-1930 / _cMaximiliano Thous Llorens. |
| 260 |
_aValencia : _b[s.n.], _c1948 ( _fimp. Vicent Cortell) |
||
| 300 |
_a102 p. ; _c22 cm. |
||
| 852 |
_aES-MaACL _j1890-F-7 _bR.26160 |
||
| 999 |
_c134956 _d134956 |
||